Psych Trivia! - Statistics

General Stats
  • This quiz has been taken 2,701 times
    2,700 since last reset
  • The average score is 11 of 22
Answer Stats
Answer % Correct
What is the fruit that appears in every episode? Pineapple
94%
What's the name of Shawn's dad Henry Spencer
90%
What is his nickname? Lassie
85%
Who is the head detective in Santa Barbara? Carlton Lassiter
84%
Who is Shawn's present girlfriend? Juliet O'Hara
82%
Who is the actor that plays Shawn Spencer? James Roday
81%
Does that go well? Nope
78%
Whose credit card does Shawn often use without permission? Gus
76%
Who is the actor that plays Gus? Dule Hill
66%
How old is Shawn? (At the end of season 6) 35
62%
Who is Shawn's first girlfriend in the series? Abigail Lytar
49%
Who are the evil Father and Daughter group in the show? Yin and Yang
48%
Where does he hide the ring with which he was going to propose to her? In his Nintendo DS
42%
One of Gus's numerous nicknames: Ghee _________ Buttersnaps
41%
Name of the episode in which the fashion scene is involved Black and Tan
36%
Shawn often cites... Movies
28%
With which word does Gus modify his voice while speaking to an attractive woman? Hello
27%
What is the occupation of Frank O'Hara? Con Artist
18%
Who is the criminal profiler who first appeared in the episode, Shawn 2.0? Declan Rand
9%
What is the first name of the man who shoots Henry in the season six finale? Jerri
9%
What is the name of the gift Shawn has? He is Hyperobservant
8%
What is his other nickname? Carlito Lassiter
2%
No matching quizzes found
Score Distribution
Percent of People with Each Score
Percentile by Number Answered
Your Score History
You have not taken this quiz since the last reset